[Event "San Francisco TNM Summer op"]
[Site "San Francisco"]
[Date "2016.06.07"]
[Round "3"]
[White "Shnaiderman, Lazar"]
[Black "Smith Iii, Robert H"]
[Result "1/2-1/2"]
[WhiteElo "1808"]
[BlackElo "1770"]
[PlyCount "104"]
[EventDate "2016.05.24"]
[EventType "swiss"]
[EventRounds "8"]
[EventCountry "USA"]
[SourceTitle "EXT 2018"]
[Source "ChessBase"]
[SourceDate "2017.10.13"]
[SourceVersion "1"]
[SourceVersionDate "2017.10.13"]
[SourceQuality "1"]

1. d4 c6 2. c4 d5 3. Nc3 Nf6 4. Nf3 e6 5. e3 Be7 6. Qc2 0-0 7. Bd3 dxc4 8. Bxc4 b5 9. Be2 Bb7 10. 0-0 a6 11. Rd1 Nbd7 12. e4 Qb6 13. h3 Rfd8 14. Be3 Qc7 15. Rac1 c5 16. d5 Nb6 17. dxe6 Rxd1+ 18. Rxd1 fxe6 19. Ng5 e5 20. Qb3+ c4 21. Bxb6 cxb3 22. Bxc7 Ne8 23. Bxe5 Bxg5 24. axb3 Nf6 25. f3 Be3+ 26. Kf1 Re8 27. Bd4 Bf4 28. Bf2 Nh5 29. Nd5 Ng3+ 30. Bxg3 Bxg3 31. Rd2 Kf7 32. Bd1 h5 33. b4 Rc8 34. Rc2 Rxc2 35. Bxc2 Bxd5 36. exd5 Bd6 37. Bf5 Bxb4 38. Bc8 a5 39. Ba6 a4 40. Bxb5 a3 41. bxa3 Bxa3 42. g3 h4 43. g4 Kf6 44. Ke2 Ke5 45. Bc4 Kf4 46. Kf2 Bc5+ 47. Kg2 Bd6 48. Bb3 Bc5 49. Bc2 Bd6 50. Bd1 Bc5 51. Be2 Bd6 52. Bf1 Bc5 1/2-1/2

[Event "San Francisco TNM Spring op"]
[Site "San Francisco"]
[Date "2016.05.03"]
[Round "8"]
[White "McKellar, Daniel"]
[Black "Shnaiderman, Lazar"]
[Result "1/2-1/2"]
[WhiteElo "1616"]
[BlackElo "1814"]
[PlyCount "62"]
[EventDate "2016.03.15"]
[EventType "swiss"]
[EventRounds "8"]
[EventCountry "USA"]
[SourceTitle "EXT 2018"]
[Source "ChessBase"]
[SourceDate "2017.10.13"]
[SourceVersion "1"]
[SourceVersionDate "2017.10.13"]
[SourceQuality "1"]

1. e4 c5 2. Nf3 d6 3. d4 cxd4 4. Nxd4 Nf6 5. Nc3 Nc6 6. Be2 g6 7. Be3 Bg7 8. f3 0-0 9. Qd2 d5 10. Nxc6 bxc6 11. e5 Nd7 12. f4 e6 13. 0-0 f6 14. exf6 Nxf6 15. Rad1 Qa5 16. a3 Nd7 17. Bd4 Bxd4+ 18. Qxd4 Qb6 19. Qxb6 axb6 20. Bg4 Nf6 21. Bh3 Re8 22. Rfe1 Nh5 23. g3 Ng7 24. Ne2 e5 25. Bxc8 Raxc8 26. fxe5 Rxe5 27. Nd4 Rxe1+ 28. Rxe1 Kf7 29. Kf2 c5 30. Nb5 Rc6 31. Re3 d4 1/2-1/2

[Event "San Francisco Leighton Memorial"]
[Site "San Francisco"]
[Date "2015.08.10"]
[Round "2"]
[White "Kondakov, Adrian"]
[Black "Shnaiderman, Lazar"]
[Result "0-1"]
[WhiteElo "1652"]
[BlackElo "1862"]
[PlyCount "100"]
[EventDate "2015.08.04"]
[EventType "swiss"]
[EventRounds "9"]
[EventCountry "USA"]
[SourceTitle "EXT 2023"]
[Source "ChessBase"]
[SourceDate "2022.10.05"]
[SourceVersion "1"]
[SourceVersionDate "2022.10.05"]
[SourceQuality "1"]

1. d4 Nf6 2. c4 e6 3. Nc3 Bb4 4. Qc2 Nc6 5. Nf3 d6 6. a3 Bxc3+ 7. Qxc3 a5 8. Bg5 h6 9. Bh4 0-0 10. e3 Qe7 11. Be2 e5 12. d5 Nb8 13. 0-0 Nbd7 14. b4 b6 15. Qc2 Re8 16. Nd2 e4 17. Nb3 a4 18. Nd4 Ne5 19. Bxf6 Qxf6 20. Qxe4 Bd7 21. Qc2 c5 22. dxc6 Nxc6 23. Nf3 Ne5 24. Nxe5 dxe5 25. Bf3 Rac8 26. Qa2 e4 27. Be2 Be6 28. Rac1 Rc7 29. Qc2 Bd7 30. Qc3 Qg6 31. Kh1 Rec8 32. Qd4 Bf5 33. c5 Rd7 34. Qb2 bxc5 35. Rxc5 Rcd8 36. Qe5 Rd2 37. Qxf5 Qxf5 38. Rxf5 Rxe2 39. Re5 Rxf2 40. Kg1 Ra2 41. Rxe4 Rdd2 42. Rg4 Rxa3 43. Re4 Raa2 44. Rg4 a3 45. b5 Rab2 46. b6 Rxb6 47. Rd4 Rxd4 48. exd4 a2 49. Kf2 Rf6+ 50. Ke2 Rxf1 0-1

[Event "San Francisco TNM Summer op"]
[Site "San Francisco"]
[Date "2015.06.09"]
[Round "3"]
[White "Shnaiderman, Lazar"]
[Black "Ronen, Ari"]
[Result "1-0"]
[WhiteElo "1826"]
[BlackElo "1536"]
[PlyCount "91"]
[EventDate "2015.05.26"]
[EventType "swiss"]
[EventRounds "8"]
[EventCountry "USA"]
[SourceTitle "EXT 2016"]
[Source "ChessBase"]
[SourceDate "2015.10.08"]
[SourceVersion "1"]
[SourceVersionDate "2015.10.08"]
[SourceQuality "1"]

1. d4 Nf6 2. c4 e6 3. Nf3 Bb4+ 4. Bd2 Qe7 5. g3 b6 6. Bg2 Bb7 7. 0-0 d5 8. Qa4+ Nc6 9. Ne5 Qd6 10. Bf4 Ba5 11. Nxf7 Qb4 12. Qxb4 Nxb4 13. Nxh8 Nc2 14. Na3 Nxa1 15. Rxa1 c6 16. cxd5 exd5 17. Be5 Ke7 18. e4 Rxh8 19. exd5 cxd5 20. Rc1 Rc8 21. Rxc8 Bxc8 22. Bxf6+ Kxf6 23. Bxd5 Bd2 24. Nc4 Bc1 25. Be4 h6 26. b3 Bd7 27. Kg2 b5 28. Ne3 Bb2 29. d5 Ke5 30. Bg6 Bd4 31. Bf7 Kf6 32. Bg8 Ke5 33. Kf3 Be8 34. Ke2 Bg6 35. f4+ Ke4 36. Nc2 Bh5+ 37. Kd2 Bc5 38. b4 Bd6 39. a3 Bg4 40. Ne3 Bh3 41. Be6 Bxe6 42. dxe6 g6 43. Ng4 Bf8 44. Ne5 Kf5 45. Nc6 Kxe6 46. Nxa7 1-0

[Event "San Francisco TNM Spring op"]
[Site "San Francisco"]
[Date "2015.05.05"]
[Round "8"]
[White "Vickers, Keith"]
[Black "Shnaiderman, Lazar"]
[Result "1-0"]
[WhiteElo "2200"]
[BlackElo "1846"]
[PlyCount "71"]
[EventDate "2015.03.17"]
[EventType "swiss"]
[EventRounds "8"]
[EventCountry "USA"]
[SourceTitle "EXT 2016"]
[Source "ChessBase"]
[SourceDate "2015.10.08"]
[SourceVersion "1"]
[SourceVersionDate "2015.10.08"]
[SourceQuality "1"]

1. b4 e5 2. Bb2 Bxb4 3. Bxe5 Nf6 4. c4 Nc6 5. Bb2 0-0 6. e3 d5 7. a3 Be7 8. cxd5 Nxd5 9. Nf3 Bf6 10. Qc2 Bxb2 11. Qxb2 Qf6 12. Qxf6 Nxf6 13. Nc3 Bg4 14. Be2 Rfe8 15. 0-0 Re7 16. d4 Bxf3 17. gxf3 Rd8 18. Rab1 b6 19. Rfc1 Na5 20. Kf1 c6 21. a4 g6 22. Na2 Kg7 23. Nb4 Rd6 24. Bc4 Nd7 25. Ba2 Re8 26. Rc3 c5 27. Nd5 cxd4 28. exd4 Nf6 29. Nc7 Re7 30. d5 Rd8 31. Rbc1 Nb7 32. Rc6 Rd6 33. Nb5 Rxc6 34. dxc6 Nc5 35. c7 Re8 36. Nd6 1-0

[Event "San Francisco TNM Summer op"]
[Site "San Francisco"]
[Date "2014.06.17"]
[Round "4"]
[White "Vazquez, Erasmo"]
[Black "Shnaiderman, Lazar"]
[Result "0-1"]
[WhiteElo "1639"]
[BlackElo "1870"]
[PlyCount "120"]
[EventDate "2014.05.27"]
[EventType "swiss"]
[EventRounds "8"]
[EventCountry "USA"]
[SourceTitle "EXT 2016"]
[Source "ChessBase"]
[SourceDate "2015.10.08"]
[SourceVersion "1"]
[SourceVersionDate "2015.10.08"]
[SourceQuality "1"]

1. d4 Nf6 2. c4 e6 3. Nc3 Bb4 4. f3 d5 5. a3 Be7 6. e4 dxe4 7. fxe4 e5 8. Nf3 exd4 9. Qxd4 0-0 10. Bf4 Qxd4 11. Nxd4 c6 12. Be2 Rd8 13. 0-0-0 Nbd7 14. Bc7 Rf8 15. Nf5 Bc5 16. b4 Bb6 17. Bd6 Re8 18. Ne7+ Kh8 19. g4 Bd8 20. Nxc8 Rxc8 21. Bf3 Nf8 22. Bxf8 Rxf8 23. e5 Ne8 24. Rhe1 Bg5+ 25. Kc2 Kg8 26. Rd7 Nc7 27. Ne4 Bh4 28. Red1 Rfd8 29. g5 Rxd7 30. Rxd7 Ne6 31. Nd6 Rd8 32. Rxb7 Nd4+ 33. Kc3 Nxf3 34. Nxf7 Rf8 35. e6 Nxg5 36. Nxg5 Bxg5 37. Rxa7 Re8 38. b5 cxb5 39. cxb5 Rxe6 40. Kc4 Be3 41. Rd7 g5 42. Kd5 Rf6 43. a4 Bb6 44. Ke5 Rf4 45. Rb7 Ba5 46. Ra7 Rxa4 47. Kd5 Ra1 48. b6 Rd1+ 49. Kc6 Rc1+ 50. Kb5 Bxb6 51. Kxb6 Rc2 52. h3 Rc3 53. h4 g4 54. Ra5 Rg3 55. Kc6 Rg1 56. Rg5+ Kf7 57. Kd6 g3 58. Rf5+ Kg6 59. Rg5+ Kf6 60. Kc6 g2 0-1

[Event "BI-2014-P-0018"]
[Site "LSS email"]
[Date "2014.04.19"]
[Round "?"]
[White "Zukan, Jakob"]
[Black "Shnaiderman, Lazar"]
[Result "1-0"]
[WhiteElo "1773"]
[BlackElo "1262"]
[PlyCount "63"]
[EventDate "2014.04.25"]
[EventType "tourn (corr)"]
[EventRounds "10"]
[EventCountry "GER"]
[SourceTitle "Corr 2015"]
[Source "ChessBase"]
[SourceDate "2015.07.17"]
[SourceVersion "1"]
[SourceVersionDate "2015.07.17"]
[SourceQuality "1"]

1. d4 Nf6 2. Nf3 e6 3. c4 Bb4+ 4. Bd2 Qe7 5. e3 0-0 6. Be2 Bxd2+ 7. Nfxd2 d6 8. Nc3 e5 9. 0-0 exd4 10. exd4 Nc6 11. Nb3 Re8 12. d5 Ne5 13. Qd2 Bg4 14. f4 Bxe2 15. fxe5 Bxf1 16. exf6 Qxf6 17. Rxf1 Qe5 18. Qf2 f6 19. Nd4 a6 20. Ne6 Re7 21. Re1 Qh5 22. Ne2 Rae8 23. b3 Qf7 24. N2d4 g6 25. Qg3 f5 26. Rf1 Kh8 27. Qh4 c5 28. Nf3 b5 29. Qg3 Rd7 30. Nfg5 Qf6 31. Ne4 Qf7 32. Qc3+ 1-0

[Event "SF-2014-0-00227"]
[Site "LSS email"]
[Date "2014.03.13"]
[Round "?"]
[White "Vontina, Maria"]
[Black "Shnaiderman, Lazar"]
[Result "0-1"]
[WhiteElo "670"]
[BlackElo "1261"]
[PlyCount "26"]
[EventDate "2014.02.12"]
[EventType "tourn (corr)"]
[EventRounds "6"]
[EventCountry "GER"]
[SourceTitle "Corr 2015"]
[Source "ChessBase"]
[SourceDate "2015.07.17"]
[SourceVersion "1"]
[SourceVersionDate "2015.07.17"]
[SourceQuality "1"]

1. e4 c5 2. Nf3 d6 3. d4 cxd4 4. Nxd4 Nf6 5. Nc3 Nc6 6. Be2 e5 7. Ndb5 a6 8. Na3 Be6 9. Bg5 Be7 10. 0-0 0-0 11. f3 Qb6+ 12. Kh1 Qxb2 13. Qc1 Qxc3 0-1

[Event "SF-2014-0-00226"]
[Site "LSS email"]
[Date "2014.03.08"]
[Round "?"]
[White "Malyszek, Tomasz"]
[Black "Shnaiderman, Lazar"]
[Result "0-1"]
[WhiteElo "950"]
[BlackElo "1261"]
[PlyCount "44"]
[EventDate "2014.02.06"]
[EventType "tourn (corr)"]
[EventRounds "6"]
[EventCountry "GER"]
[SourceTitle "Corr 2015"]
[Source "ChessBase"]
[SourceDate "2015.07.17"]
[SourceVersion "1"]
[SourceVersionDate "2015.07.17"]
[SourceQuality "1"]

1. e4 c5 2. Nf3 g6 3. Bc4 Nc6 4. d4 cxd4 5. Nxd4 Bg7 6. Nxc6 bxc6 7. Qf3 Nf6 8. e5 Nd5 9. Bxd5 cxd5 10. Qxd5 Ba6 11. c4 Qc8 12. Nd2 Bb7 13. Qd4 Qc7 14. 0-0 Bxe5 15. Qd3 Bxh2+ 16. Kh1 0-0 17. Nf3 Bd6 18. Bh6 Qc5 19. Ng5 Rfc8 20. Qc3 f6 21. Nh3 Qh5 22. Be3 Qxh3+ 0-1

[Event "SF-2014-0-00226"]
[Site "LSS email"]
[Date "2014.03.07"]
[Round "?"]
[White "Shnaiderman, Lazar"]
[Black "Molina, Vicente Andres"]
[Result "1-0"]
[WhiteElo "1261"]
[BlackElo "815"]
[PlyCount "65"]
[EventDate "2014.02.06"]
[EventType "tourn (corr)"]
[EventRounds "6"]
[EventCountry "GER"]
[SourceTitle "Corr 2015"]
[Source "ChessBase"]
[SourceDate "2015.07.17"]
[SourceVersion "1"]
[SourceVersionDate "2015.07.17"]
[SourceQuality "1"]

1. d4 d5 2. c4 e6 3. Nf3 Nf6 4. g3 c5 5. cxd5 exd5 6. Bg2 Nc6 7. 0-0 cxd4 8. Nxd4 Bd6 9. Nc3 0-0 10. Nxd5 Nxd5 11. Bxd5 Nxd4 12. Qxd4 Be6 13. Bxe6 fxe6 14. Be3 b6 15. Rfd1 Bc5 16. Qe5 Qe7 17. Bxc5 bxc5 18. Rd6 Rae8 19. Qxc5 Qf6 20. Qd4 Qxd4 21. Rxd4 e5 22. Rd7 Rf7 23. Rxf7 Kxf7 24. Rc1 Re7 25. Kg2 e4 26. e3 Rb7 27. b3 a5 28. Rc4 Rb4 29. Rxb4 axb4 30. f3 exf3+ 31. Kxf3 Ke6 32. Ke4 Kd6 33. Kd4 1-0

[Event "LSS No Engine Cup 106 Preliminary 1"]
[Site "LSS email"]
[Date "2014.03.04"]
[Round "?"]
[White "Jenneborg, Seved"]
[Black "Shnaiderman, Lazar"]
[Result "1-0"]
[WhiteElo "1678"]
[BlackElo "1261"]
[PlyCount "45"]
[EventDate "2014.03.05"]
[EventType "tourn (corr)"]
[EventRounds "6"]
[EventCountry "GER"]
[SourceTitle "Corr 2015"]
[Source "ChessBase"]
[SourceDate "2015.07.17"]
[SourceVersion "1"]
[SourceVersionDate "2015.07.17"]
[SourceQuality "1"]

1. d4 Nf6 2. c4 e6 3. Nf3 Bb4+ 4. Nbd2 b6 5. a3 Bxd2+ 6. Bxd2 h6 7. e3 Bb7 8. Bd3 d6 9. b4 Nbd7 10. Bc3 Ne4 11. Bb2 0-0 12. 0-0 f5 13. d5 exd5 14. Nd4 Qe8 15. cxd5 Bxd5 16. Rc1 c5 17. Nb5 Qg6 18. f3 Ng5 19. Nc7 Bxf3 20. gxf3 Rac8 21. Nd5 Qe8 22. Bb5 Qe6 23. Qd3 1-0

[Event "OP-2014-0-03317"]
[Site "LSS email"]
[Date "2014.03.04"]
[Round "?"]
[White "Kolanek, Roman"]
[Black "Shnaiderman, Lazar"]
[Result "1-0"]
[WhiteElo "1859"]
[BlackElo "1279"]
[PlyCount "67"]
[EventDate "2014.03.01"]
[EventType "tourn (corr)"]
[EventRounds "4"]
[EventCountry "GER"]
[SourceTitle "Telechess CBM 167"]
[Source "ChessBase"]
[SourceDate "2015.07.13"]
[SourceVersion "1"]
[SourceVersionDate "2015.07.13"]
[SourceQuality "1"]

1. e4 c5 2. Nf3 d6 3. d4 cxd4 4. Nxd4 Nf6 5. Nc3 Nc6 6. Bg5 e6 7. Qd2 a6 8. Be2 Bd7 9. Rd1 h6 10. Be3 Be7 11. 0-0 b5 12. a3 0-0 13. f4 Qc7 14. Nb3 Rab8 15. Bf3 Rfe8 16. g4 e5 17. g5 hxg5 18. fxg5 Ng4 19. Nd5 Qd8 20. g6 Nxe3 21. gxf7+ Kxf7 22. Bh5+ Kg8 23. Bf7+ Kh7 24. Nxe3 Rf8 25. Qe2 g6 26. Qg2 g5 27. Kh1 Kg7 28. Qf3 Rh8 29. Nc5 dxc5 30. Nf5+ Bxf5 31. Qxf5 Rh6 32. Rxd8 Rxd8 33. Be8 Rd2 34. h3 1-0

[Event "RF-2014-0-00179"]
[Site "LSS email"]
[Date "2014.03.04"]
[Round "?"]
[White "Shnaiderman, Lazar"]
[Black "Bieszk, Stanislaw"]
[Result "1-0"]
[WhiteElo "1279"]
[BlackElo "983"]
[PlyCount "51"]
[EventDate "2014.01.16"]
[EventType "tourn (corr)"]
[EventRounds "6"]
[EventCountry "GER"]
[SourceTitle "Telechess CBM 167"]
[Source "ChessBase"]
[SourceDate "2015.07.13"]
[SourceVersion "1"]
[SourceVersionDate "2015.07.13"]
[SourceQuality "1"]

1. d4 Nf6 2. c4 e6 3. Nf3 b6 4. g3 Bb7 5. Bg2 Bb4+ 6. Bd2 Qe7 7. 0-0 Bxd2 8. Qxd2 0-0 9. Nc3 Ne4 10. Nxe4 Na6 11. Nc3 c5 12. d5 exd5 13. cxd5 d6 14. e4 Nc7 15. e5 Rad8 16. Rfe1 dxe5 17. Nxe5 Qf6 18. Rad1 b5 19. d6 b4 20. Bxb7 bxc3 21. bxc3 Nb5 22. d7 Qb6 23. Bc8 f6 24. Qd5+ Kh8 25. Nf7+ Rxf7 26. Qxf7 1-0

[Event "OP-2014-0-03317"]
[Site "LSS email"]
[Date "2014.03.04"]
[Round "?"]
[White "Shnaiderman, Lazar"]
[Black "Vontina, Maria"]
[Result "1-0"]
[WhiteElo "1279"]
[BlackElo "738"]
[PlyCount "49"]
[EventDate "2014.03.01"]
[EventType "tourn (corr)"]
[EventRounds "4"]
[EventCountry "GER"]
[SourceTitle "Telechess CBM 167"]
[Source "ChessBase"]
[SourceDate "2015.07.13"]
[SourceVersion "1"]
[SourceVersionDate "2015.07.13"]
[SourceQuality "1"]

1. d4 Nf6 2. c4 g6 3. Nc3 Bg7 4. e4 d6 5. Be2 0-0 6. Bg5 Nc6 7. d5 Nb8 8. Nf3 a6 9. 0-0 e5 10. Qc2 Bg4 11. h3 Bc8 12. c5 h6 13. Be3 Kh7 14. cxd6 cxd6 15. Nd2 Nbd7 16. a4 Nb6 17. Qb3 Nbd7 18. Rfc1 Re8 19. a5 Nf8 20. Nc4 N8d7 21. Nxd6 Rf8 22. Ra4 Nb8 23. Nxc8 Qxc8 24. Nb5 Qd7 25. Nc7 1-0

[Event "OP-2014-0-03316"]
[Site "LSS email"]
[Date "2014.03.03"]
[Round "?"]
[White "Lenz, Juergen"]
[Black "Shnaiderman, Lazar"]
[Result "0-1"]
[WhiteElo "1147"]
[BlackElo "1478"]
[PlyCount "62"]
[EventDate "2014.02.28"]
[EventType "tourn (corr)"]
[EventRounds "4"]
[EventCountry "GER"]
[SourceTitle "Corr 2022"]
[Source "ChessBase"]
[SourceDate "2021.10.24"]
[SourceVersion "1"]
[SourceVersionDate "2021.10.24"]
[SourceQuality "1"]

1. d4 Nf6 2. Nf3 e6 3. Bf4 b6 4. e3 Bb7 5. Be2 Be7 6. h3 0-0 7. 0-0 d6 8. a4 a6 9. c4 Nc6 10. Nc3 Qd7 11. Re1 a5 12. Bh2 Nb4 13. b3 Ne4 14. Nxe4 Bxe4 15. Rc1 Na2 16. Ra1 Nc3 17. Qd2 Nxe2+ 18. Qxe2 f5 19. Nd2 Bb7 20. e4 Rae8 21. Qd3 Bg5 22. d5 Bxd2 23. Qxd2 fxe4 24. Rxe4 exd5 25. Rxe8 Rxe8 26. cxd5 Qf5 27. Re1 Rxe1+ 28. Qxe1 Kf7 29. Qc1 Qxd5 30. f3 Qc5+ 31. Qxc5 bxc5 0-1

[Event "LSS No Engine Cup 104 Preliminary 5"]
[Site "LSS email"]
[Date "2014.02.05"]
[Round "?"]
[White "Shnaiderman, Lazar"]
[Black "Ilkow, Zbigniew"]
[Result "1-0"]
[WhiteElo "1261"]
[BlackElo "570"]
[PlyCount "37"]
[EventDate "2014.02.06"]
[EventType "tourn (corr)"]
[EventRounds "6"]
[EventCountry "GER"]
[SourceTitle "Corr 2015"]
[Source "ChessBase"]
[SourceDate "2015.07.17"]
[SourceVersion "1"]
[SourceVersionDate "2015.07.17"]
[SourceQuality "1"]

1. d4 e6 2. c4 d5 3. Nf3 dxc4 4. e3 Nc6 5. Bxc4 Nf6 6. 0-0 Bd6 7. Nc3 0-0 8. e4 Re8 9. e5 Nd7 10. exd6 cxd6 11. Bb3 d5 12. Bg5 f6 13. Be3 a6 14. a4 a5 15. Nb5 Nb6 16. Bf4 g5 17. Bc7 Qe7 18. Bxb6 Kf7 19. Nc7 1-0